Overwatch Ultimates - Statistics

General Stats
  • This quiz has been taken 3,954 times
    2,417 since last reset
  • The average score is 28 of 32
Answer Stats
Ultimate Hero % Correct
Pulse Bomb Tracer
98%
Riptire Junkrat
94%
Nano-Boost Ana
93%
Whole Hog Roadhog
93%
EMP Sombra
93%
Meteor Strike Doomfist
92%
Dragonblade Genji
92%
B.O.B. Ashe
91%
Self-Destruct/Call Meka D.Va
91%
Valkyrie Mercy
91%
Primal Rage Winston
91%
Dragonstrike Hanzo
90%
Sound Barrier Lucio
90%
Blizzard Mei
90%
Gravitic Flux Sigma
90%
Tactical Visor Soldier: 76
90%
Minefield Wrecking Ball
90%
Configuration: Tank Bastion
89%
Duplicate Echo
89%
Deadeye McCree
89%
Barrage Pharah
89%
Infra-Sight Widowmaker
89%
Molten Core Torbjorn
88%
Graviton Surge Zarya
88%
Death Blossom Reaper
87%
Earthshatter Reinhardt
84%
Photon Barrier Symmetra
82%
Transcendence Zenyatta
82%
Amplification Matrix Baptiste
81%
Coalescence Moira
80%
Rally Brigitte
78%
Supercharger Orisa
73%
No matching quizzes found
Score Distribution
Percent of People with Each Score
Percentile by Number Answered
Your Score History
You have not taken this quiz since the last reset